[Event "FRA-ch U14 Girls"]
[Site "Calvi"]
[Date "2005.04.22"]
[Round "7"]
[White "Muller, Marion"]
[Black "Macarry, Elodie"]
[Result "1/2-1/2"]
[WhiteElo "1710"]
[BlackElo "1660"]
[PlyCount "106"]
[EventDate "2005.04.??"]
[EventType "swiss"]
[EventRounds "9"]
[EventCountry "FRA"]
[SourceTitle "EXT 2006"]
[Source "ChessBase"]
[SourceDate "2005.11.24"]
[SourceVersion "1"]
[SourceVersionDate "2005.11.24"]
[SourceQuality "1"]

1. d4 d5 2. Nf3 Nf6 3. c4 e6 4. Bg5 Be7 5. Nbd2 0-0 6. e3 b6 7. Rc1 h6 8. Bh4 Bb7 9. Bd3 Nbd7 10. 0-0 c5 11. Re1 Rc8 12. e4 cxd4 13. cxd5 Rxc1 14. Qxc1 Nc5 15. Bb1 exd5 16. e5 Nfe4 17. Bxe7 Qxe7 18. b4 Nxd2 19. Qxd2 Ne4 20. Qxd4 Rc8 21. Bd3 Qc7 22. Bxe4 dxe4 23. Nd2 Rd8 24. Qb2 Re8 25. f4 exf3 26. Nxf3 Qe7 27. a3 Bxf3 28. gxf3 Qg5+ 29. Kh1 Qf4 30. Qe2 Kh8 31. Qe4 Qd2 32. a4 Rc8 33. Re2 Qd1+ 34. Kg2 Qxa4 35. f4 Qc6 36. Kg3 Qxe4 37. Rxe4 Rc3+ 38. Kg4 g6 39. Rd4 Rc7 40. f5 gxf5+ 41. Kxf5 Kg7 42. Rg4+ Kf8 43. h4 Rc6 44. Rd4 Ke7 45. h5 Re6 46. b5 f6 47. Re4 Kf7 48. exf6 Rxf6+ 49. Kg4 Rd6 50. Ra4 Rd7 51. Rc4 Re7 52. Kf5 Rd7 53. Ke5 Re7+ 1/2-1/2

[Event "France-ch U12 Girls"]
[Site "Reims"]
[Date "2004.04.23"]
[Round "7"]
[White "Macarry, Elodie"]
[Black "Lefevre, Margaux"]
[Result "1-0"]
[WhiteElo "1650"]
[BlackElo "1520"]
[PlyCount "81"]
[EventDate "2004.04.??"]
[EventType "swiss"]
[EventRounds "9"]
[EventCountry "FRA"]
[SourceTitle "EXT 2005"]
[Source "ChessBase"]
[SourceDate "2004.11.15"]
[SourceVersion "1"]
[SourceVersionDate "2004.11.15"]
[SourceQuality "1"]

1. e4 e6 2. d4 d5 3. e5 c5 4. c3 Nc6 5. Nf3 Qb6 6. Be2 cxd4 7. cxd4 Nge7 8. Nc3 Nf5 9. Na4 Qc7 10. a3 Be7 11. 0-0 a6 12. b4 0-0 13. Be3 b6 14. Qc2 Bd7 15. Bd3 Rfc8 16. g4 Nxe3 17. fxe3 g6 18. Rac1 Qb7 19. Nc3 Na7 20. Qe2 b5 21. h4 h6 22. Qf2 Be8 23. Nh2 Nc6 24. Qf4 g5 25. Qf2 a5 26. Bxb5 axb4 27. axb4 Bxb4 28. Bxc6 Rxc6 29. Ne2 Rxc1 30. Rxc1 Bd2 31. Rd1 Ra2 32. Nf3 Ba5 33. hxg5 hxg5 34. Kg2 Qb2 35. Nfg1 Bb5 36. Kf3 Qc2 37. Rc1 Qe4+ 38. Kg3 Bd2 39. Rc8+ Kg7 40. Qf6+ Kh7 41. Rh8# 1-0

[Event "FRA-ch U10 Girls"]
[Site "Hyeres"]
[Date "2002.??.??"]
[Round "7.4"]
[White "Macarry, Elodie"]
[Black "Piccin, Coralie"]
[Result "0-1"]
[WhiteElo "1340"]
[BlackElo "1520"]
[PlyCount "92"]
[EventDate "2002.04.05"]
[EventType "swiss"]
[EventRounds "9"]
[EventCountry "FRA"]
[SourceTitle "EXT 2003"]
[Source "ChessBase"]
[SourceDate "2002.11.25"]
[SourceVersion "1"]
[SourceVersionDate "2002.11.25"]
[SourceQuality "1"]

1. e4 e5 2. Nf3 Nc6 3. Bc4 Nf6 4. Nc3 Bc5 5. 0-0 0-0 6. Re1 d6 7. Na4 Bg4 8. Nxc5 dxc5 9. Be2 Nxe4 10. d3 Nxf2 11. Kxf2 Bxf3 12. Bxf3 Qd4+ 13. Be3 Qh4+ 14. Kg1 e4 15. Bxe4 Rfe8 16. Bxc5 Re5 17. Bxc6 Rxc5 18. Bxb7 Rb8 19. Bf3 h5 20. Qd2 Qd4+ 21. Qe3 Qxe3+ 22. Rxe3 Rxc2 23. Bxh5 Rbxb2 24. Re8+ Kh7 25. Bxf7 Rxg2+ 26. Kf1 Rbf2+ 27. Ke1 Rxf7 28. Kd1 Rf1+ 29. Re1 Rxe1+ 30. Kxe1 Rg1+ 31. Ke2 Rxa1 32. d4 Rxa2+ 33. Ke3 Rxh2 34. d5 g5 35. Ke4 g4 36. Ke5 g3 37. d6 cxd6+ 38. Kxd6 g2 39. Ke7 g1Q 40. Kf7 Qg7+ 41. Ke6 Re2+ 42. Kd5 Qe5+ 43. Kc4 Rc2+ 44. Kd3 Rc3+ 45. Kd2 Qe3+ 46. Kd1 Rc1# 0-1

[Event "FRA-ch U10 Girls"]
[Site "Hyeres"]
[Date "2002.??.??"]
[Round "8.10"]
[White "Nahum, Justine"]
[Black "Macarry, Elodie"]
[Result "0-1"]
[WhiteElo "1200"]
[BlackElo "1340"]
[PlyCount "76"]
[EventDate "2002.04.05"]
[EventType "swiss"]
[EventRounds "9"]
[EventCountry "FRA"]
[SourceTitle "EXT 2003"]
[Source "ChessBase"]
[SourceDate "2002.11.25"]
[SourceVersion "1"]
[SourceVersionDate "2002.11.25"]
[SourceQuality "1"]

1. e4 e5 2. Nf3 Nc6 3. Nc3 Nf6 4. Bc4 Bc5 5. 0-0 0-0 6. d3 h6 7. h3 d6 8. Be3 Bxe3 9. fxe3 Nh7 10. d4 Qf6 11. Nh2 Qg6 12. Qf3 Ng5 13. Qg3 Nxh3+ 14. gxh3 Qxg3+ 15. Kh1 Bxh3 16. Rg1 Qxe3 17. Rae1 Qxd4 18. Bb5 Qd2 19. Re2 Qd4 20. Rd1 Qb6 21. Rd3 Be6 22. Kg2 a6 23. Bxc6 Qxc6 24. Kf1 Bc4 25. Ke1 Bxd3 26. cxd3 Qd7 27. Kd2 Qc6 28. Nf3 b5 29. b4 a5 30. a4 bxa4 31. bxa5 Rxa5 32. Ke3 Qxc3 33. Nd2 Qd4+ 34. Kf3 Qxd3+ 35. Kf2 Rb5 36. Kg1 Qxe2 37. Nb3 Rxb3 38. Kh1 Rb1# 0-1